Ozhog : roman v trekh knigakh : pozdnie shestidesiatye, rannie semidesiatye /

Bibliographic Details
Main Author: Aksenov, Vasiliĭ, 1932-2009
Format: Book
Language:Russian
Published: Ann Arbor, Mich. : Ardis, 1980.
Edition:1st ed.

MARC

Tag First Indicator Second Indicator Subfields
LEADER 00000cam a2200000 a 4500
001 in00000073780
005 20151008054712.0
008 810420s1980 miu 00011 ruso
010 |a  81464799  
020 |a 0882336002 
020 |a 0882336010 (pbk.) 
035 |a (OCoLC)07462930 
035 |9 AAJ1428AM 
039 0 |a 2  |b 3  |c 3  |d 3  |e 3 
040 |a DLC  |c DLC  |d TXA  |d UtOrBLW 
049 |a TXAM  |c [800627] 
050 0 0 |a PG3478.K7  |b O9 
100 1 |a Aksenov, Vasiliĭ,  |d 1932-2009. 
245 1 0 |a Ozhog :  |b roman v trekh knigakh : pozdnie shestidesiatye, rannie semidesiatye /  |c Vasilii Aksenov. 
250 |a 1st ed. 
264 1 |a Ann Arbor, Mich. :  |b Ardis,  |c 1980. 
300 |a 442 pages ;  |c 22 cm. 
336 |a text  |b txt  |2 rdacontent 
337 |a unmediated  |b n  |2 rdamedia 
338 |a volume  |b nc  |2 rdacarrier 
999 |a MARS 
999 f f |s 36367c55-99ae-34db-915d-5c421e68148a  |i 752d1fff-840b-36fe-8c7d-d1820e0c7e72  |t 0 
952 f f |p normal  |a Texas A&M University  |b College Station  |c Sterling C. Evans Library  |d Evans: Library Stacks  |t 0  |e PG3478.K7 O9  |h Library of Congress classification  |i unmediated -- volume  |m A14806176034 
998 f f |a PG3478.K7 O9  |t 0  |l Evans: Library Stacks